| 000 | 00431nam a2200169 a 4500 | ||
|---|---|---|---|
| 001 | 13343 | ||
| 005 | 20180713201717.0 | ||
| 008 | 140415s1989 000 0 spa d | ||
| 041 | _aspa | ||
| 082 |
_a304.8 _bTAN |
||
| 100 | 1 | _aTAHORI VILLA, CRUZ ARCELIA | |
| 245 | 1 | 3 | _aLA MUJER MIGRANTE Y EL EMPLEO |
| 260 |
_a[s.l.] : _bINAH, _c1989 |
||
| 300 | _a82 | ||
| 490 | _aDIVULGACION | ||
| 650 | 1 | 4 | _aMIGRACION INTERNA |
| 999 |
_c13343 _d13343 |
||